000 01198nam a2200229Ia 4500
003 Ost
005 20260507075117.0
008 260507s9999||||xx |||||||||||||| ||und||
020 _a1080212977
040 _cfsecg
041 _aara
082 _a658.8
100 _aالنجار، فريد
_eمؤلف
245 0 _aإدارة منظومات التسويق العربي والدولي /
_c فريد النجار
260 _aالإسكندرية:
_bمؤسسة شباب الجامعة,
_c2004
300 _a578 صفحة؛
_bإيضاحات ؛
_c25 سم
520 _aالتسويق والأهداف القومية- التسويق مفتاح التقديم- التسويق والتنمية المتوازنة- السلوك التسويقي- جداول الأهداف التسويقية- تصميم نظم التسويق- التخطيط التسويقي- الإستراتيجية العامة للتسويق- نظام المعلومات والبحوث التسويقية- بناء شبكة قنوات التوزيع- إدارة النظم التسويقية
653 _aأدارة المبيعات
653 _aالتسويق
653 _aالتسويق العربي
942 _cكتاب
999 _c43028
_d43028